000 00312nam a2200133Ia 4500
008 220216s9999 xx 000 0 und d
100 _aAusten C R
245 0 _aRubber in the gas industry
260 _bIRI Transactions
_c1935
300 _a264-282
650 _aGas industry
650 _aRubber
942 _cJS
999 _c67699
_d67699